Fugitiva / (Registro nro. 10369)

Detalles MARC
000 -LIDER
fixed length control field 00670nam a22002531i 4500
001 - NÚMERO DE CONTROL
Identificador de número de control 000144786
003 - IDENTIFICACDOR DE NÚMERO DE CONTROL
control field DO-SdBNP
005 - DATE AND TIME OF LATEST TRANSACTION
control field 20180125110616.0
007 - CAMPOS FIJOS DE DESCRIPCIÓN FÍSICA
fixed length control field 000144786
008 - ELEMENTOS DE LONGITUD FIJA
fixed length control field 900514s1980 sp | ||| ||spa
016 7# - NO. DE CONTROL DE LA AGENCIA BIB. NACIONAL
Record control number
Canceled/invalid record control number
Source BPMSU
017 ## - NÚMERO DE REGISTRO DE DERECHOS DE AUTOR
Copyright or legal deposit number
Assigning agency
020 ## - ISBN
International Standard Book Number 8427005997
040 ## - FUENTE DE CATALOGACIÓN
Agencia que crea de manera original el registro BPMSU
Idioma de catalogación spa
Agencia que realiza la transcripción BPMSU
041 1# - CÓDIGOS DE OBRAS TRADUCIDAS O EN VARIOS IDIOMAS
Código del idioma del texto/archivo de sonido o separata spa
-- eng
100 1# - ASIENTO PRINCIPAL -- NOMBRE PERSONAL
Nombre personal Sorel, Julia
Fechas asociadas con el nombre
245 10 - MENCIÓN DE TITULO
Título Fugitiva /
Mención de responsabilidad Julia Sorel ; traducción Gerardo Di Masso.
Medio (Designación general de material)
260 ## - PUBLICACIÓN, DISTRIBUCIÓN, ETC. (PIE DE IMPRENTA)
Lugar de publicación, distribución, etc Barcelona :
Nombre del editor, distribuidor, etc. Martínez Roca,
Fecha de publicación, distribución, etc 1980.
300 ## - DESCRIPCIÓN FÍSICA
Extensión 172 p.;
Dimensiones 20 cm
490 1# - MENCIÓN DE SERIES
Mención de serie Fontana Joven
700 12 - ASIENTO SECUNDARIO -- NOMBRE PERSONAL
Nombre personal Masso, Gerardo di,
Fechas asociadas con el nombre 1949-
Mención de responsabilidad tr.
942 ## - ADDED ENTRY ELEMENTS (KOHA)
Source of classification or shelving scheme Dewey Decimal Classification
Koha item type Libros
956 ## - LOCAL ELECTRONIC LOCATION AND ACCESS (OCLC)
Nombre de host VMATEO
Materiales especificados 20160613
Número de acceso 10
Existencias
Withdrawn status Lost status Source of classification or shelving scheme Damaged status Not for loan Collection code Home library Current library Date acquired Source of acquisition Total Checkouts Barcode Date last seen Price effective from Koha item type
    Dewey Decimal Classification     Colección General Biblioteca Pública Metropolitana Salomé Ureña Biblioteca Pública Metropolitana Salomé Ureña 06/13/2016 FUNDI   BPMSU16060172 06/13/2016 06/13/2016 Libros